| 000 | 00851nam a2200277 i 4500 | ||
|---|---|---|---|
| 001 | 000048356 | ||
| 003 | DO-SdBNP | ||
| 005 | 20251017081443.0 | ||
| 007 | ta | ||
| 008 | 190212m2000 dr r 000 0 spa d | ||
| 040 |
_aDO-SdBNP _bspa _cBNPHU _erda |
||
| 041 | _aspa | ||
| 082 | 4 |
_axxx _bxxx _222 |
|
| 110 | 2 |
_aIglesia Católica. _bConferencia del Episcopado Dominicano. _946310 |
|
| 245 | 1 | 0 | _aCatecismo de la Iglesia Católica. |
| 264 | 1 |
_aSanto Domingo : _bLibrería Juan Pablo II, _c2000. |
|
| 300 |
_a702 páginas ; _c21 cm. |
||
| 336 |
_atexto _btxt _2rdacontent |
||
| 337 |
_asin mediación _bn _2rdamedia |
||
| 338 |
_avolumen _bnc _2rdacarrier |
||
| 500 | _aIncluye apéndice de correcciones. | ||
| 500 | _aIncluye índices. | ||
| 590 | _aInventariado, 2024 / MF | ||
| 630 | 4 |
_aIglesia católica _xCatecismos _984817 |
|
| 942 |
_2ddc _cLBS1 |
||
| 999 |
_c47844 _d47844 |
||